[Event "RUS-ch Women Blitz 2019"]
[Site "Sochi"]
[Date "2019.10.17"]
[Round "8.9"]
[White "Pogonina, Natalija"]
[Black "Dumcheva, Julia"]
[Result "1-0"]
[WhiteElo "2479"]
[BlackElo "2168"]
[Annotator "TA"]
[PlyCount "53"]
[EventDate "2019.10.17"]
[EventType "swiss"]
[EventCountry "RUS"]
[SourceTitle "playchess.com"]
[Source "ChessBase"]
[SourceQuality "1"]

{[%evp 14,53,78,85,136,78,126,106,250,255,288,141,365,365,351,366,366,240,352,344,714,458,483,390,559,381,413,396,710,539,518,522,504,494,673,653,877,876,923,907,2900,2707]} 1. d4 Nf6 2. g3 e6 3. Bg2 c5 4. Nf3 cxd4 5. Nxd4 d5 6. O-O Nc6 7. c4 Nxd4 8. Qxd4 dxc4 {[#] E01: Catalan: Early deviations} (8... Be7 $142) (8... Qc7 9. cxd5 Bc5 10. Qf4 e5 11. Qa4+ Bd7 12. Qb3 Bd6 13. Nc3 O-O 14. Bg5 Ne8 15. Rac1 f6 16. Ne4 {1-0 (26) Ladva,O (2497)-Kass,V (1587) Puhajarve 2018}) 9. Qxc4 ({White should try} 9. Qxd8+ $1 Kxd8 10. Nd2) 9... Qb6 10. Nc3 {aiming for Be3.} Be7 $146 (10... Qb4 $16 {is a better defense.} 11. Qxb4 Bxb4) ({Predecessor:} 10... Bd7 11. Be3 Qa5 12. Bxb7 Rb8 13. Bc6 Be7 14. Rfd1 Rd8 15. Bxd7+ Nxd7 16. Qc6 {1-0 (16) Csaba,A (2058)-Zorkoczy,G (2040) Hungary 2010}) 11. Be3 $18 Qb4 12. Qb5+ (12. Qxb4 $18 {and the rest is easy.} Bxb4 13. Nb5) 12... Nd7 $2 (12... Bd7 $16 13. Qxb4 (13. Qxb7 Qxb7 14. Bxb7 Rb8 $16) 13... Bxb4) 13. Qxb4 Bxb4 {[#]} 14. Nb5 $1 {[%cal Rb5c7] Black must now prevent Nc7+.} Kd8 15. Nxa7 (15. Bxa7 Ke7 $18) 15... Ke7 (15... Bc5 $142) 16. Rfc1 Rb8 $2 (16... Bd6 17. Nb5 (17. Nxc8+ Raxc8 18. Bxb7 Rb8 $16) 17... Bb8) 17. a3 {[%cal Ba2a3,Ba3a4,Ba4a5,Ba5a6][%mdl 32]} Bd6 18. b4 Be5 (18... Nf6 {was necessary.} 19. Nb5 Be5 20. Bc5+ Kd8) 19. Rab1 (19. Nxc8+ Rhxc8 20. Rxc8 Rxc8 $16) ({Less strong is} 19. Rxc8 Bxa1 20. Rxh8 Rxh8 $16) 19... f5 20. a4 (20. Nxc8+ Rhxc8 21. Rxc8 Rxc8 $18) 20... Kf7 $2 (20... Nf6 21. f4 Bd6) 21. Nxc8 {White is clearly winning.} Rhxc8 22. Rxc8 Rxc8 23. Bxb7 Rc2 24. a5 Ra2 25. a6 Bb8 26. b5 e5 27. Bd5+ {[%mdl 64] Double Attack. Accuracy: White = 57%, Black =  6%.} 1-0

[Event "RUS-ch Women Blitz 2019"]
[Site "Sochi"]
[Date "2019.10.17"]
[Round "8.10"]
[White "Styazhkina, Anna"]
[Black "Samigullina, Diana"]
[Result "1-0"]
[WhiteElo "2280"]
[BlackElo "2161"]
[Annotator "TA"]
[PlyCount "117"]
[EventDate "2019.10.17"]
[EventType "swiss"]
[EventCountry "RUS"]
[SourceTitle "playchess.com"]
[Source "ChessBase"]
[SourceQuality "1"]

{[%evp 20,117,8,14,12,12,22,12,13,0,9,0,0,0,0,0,-4,-8,17,-16,-20,-28,-9,-10,0,0,0,-5,0,-2,-12,-16,-14,-23,0,-17,-24,-656,-650,-632,-634,-606,-443,-502,-502,-500,-500,-489,-473,-540,-534,-508,-418,-491,-447,-502,-496,-488,-455,-488,-458,-459,-442,-585,-456,-1028,-1025,-993,-978,-1121,-598,-552,-420,-4618,-4618,-4610,-2558,-1995,-656,-618,-565,-491,-291,-461,0,-29997,0,0,0,-129,-111,-111,8,0,0,0,29997,29998,29998,29999]} 1. e4 c5 2. Nf3 Nc6 3. d4 cxd4 4. Nxd4 e5 5. Nb5 d6 6. N1c3 a6 7. Na3 b5 8. Nd5 Nf6 9. Bg5 Be7 10. Bxf6 Bxf6 11. c4 b4 {B33: Sicilian: Pelikan and Sveshnikov Variations} 12. Nc2 O-O 13. b3 (13. g3 Bg5 14. Bg2 a5 15. O-O Ne7 16. Nce3 Bxe3 17. Nxe3 Be6 18. b3 Ra7 19. Qd3 {½-½ (52) Nepomniachtchi,I (2776)-Yu,Y (2763) Khanty-Mansiysk 2019}) 13... a5 {The position is equal.} 14. a3 {[%cal Ra3b4]} bxa3 15. Rxa3 Bg5 $146 ({Predecessor:} 15... Bd7 16. g3 Bg5 17. Bg2 Ne7 18. O-O Nxd5 19. Qxd5 Be6 20. Qc6 Rc8 21. Qa6 Ra8 22. Qc6 Rc8 23. Qa6 {½-½ (23) Wendel,S (2271)-Dunsbach,R (2209) Hessen 2017}) 16. h4 Bh6 17. g3 Be6 18. Bg2 Ne7 (18... Rb8 {looks sharper.} 19. O-O Rb7 20. Qd3 Qd7 21. Bf3 Rfb8) 19. Nde3 (19. Nc3 {keeps more tension.} Qb6 20. O-O Nc6 21. Na4 Qb7 22. Qe2) 19... Bxe3 20. Nxe3 Nc6 21. O-O Nd4 22. Nc2 Nc6 {[%cal Bd4c6,Bc6d4,Bd4e2][%mdl 32]} 23. Qd2 Qc7 24. Rd1 Rfd8 25. Ne3 Rab8 26. Nd5 Bxd5 27. Qxd5 Nd4 {...Ne2+ is the strong threat.} 28. Rxa5 $2 {[%mdl 8192]} (28. Qxa5 $11 Qxa5 29. Rxa5) 28... Ne2+ $1 $19 29. Kh2 {Threatening Rda1.} Nc3 {[%mdl 64] Double Attack} 30. Qd2 Nxd1 31. Ra1 {[#]} Nxf2 $1 32. Qxf2 Rxb3 33. Rc1 Rb4 34. c5 dxc5 35. Rxc5 Qe7 36. Qc2 Rbd4 37. Rc7 R4d7 38. Rc5 h6 39. Qc4 Rd4 40. Qb5 f6 41. Bf3 Kh8 42. Bg4 (42. Rc2 $142) 42... Rxe4 43. Bf5 Red4 44. Qb6 Rd2+ 45. Kh3 Qd6 46. Rc6 (46. Qxd6 $142 R2xd6 47. Rc7) 46... Qd5 {( -> ...Qg2+)} 47. Rxf6 Qh1+ (47... gxf6 48. Qxf6+ Kg8 49. Be6+ Kh7 50. Bxd5 $14) (47... Qg2+ $142 48. Kg4 Qe2+ 49. Kh3 Qf1+ 50. Kg4 g6 $1 {[%mdl 512]} 51. Rxg6 R8d4+ 52. Be4 Rxe4+ 53. Kh5 Qf7 54. Qf6+ Qxf6 55. Rxf6 Kg7 56. Rxh6 Rf2) 48. Kg4 R2d4+ (48... Qd1+ $142 49. Kh3 Qf1+ 50. Kg4 g6 $1 {[%mdl 512]} 51. Rxg6 R8d4+ 52. Be4 Rxe4+ 53. Kh5 Qf7 54. Qf6+ Qxf6 55. Rxf6 Kg7 56. Rxh6 Rf2) 49. Kh5 {Rxh6+! would kill now.} Qd1+ $1 50. g4 {Intending Rxh6+! and mate.} Qd2 (50... R4d6 $142 51. Rxd6 Qxd6) 51. Rg6 (51. Qa7 {was worth a try.} R4d6 52. Rf7) 51... Rf8 $2 ({Stronger than} 51... Rg8 52. Qe6 $11) (51... R4d6 $1 $19 {[%cal Rd6b6]} 52. Qb7 Rxg6 53. Kxg6 Qd6+ 54. Kh5 Qf8) 52. Qc5 $2 {[%mdl 8192] [#]} (52. Qe6 $11) 52... Rg8 $2 (52... Rxf5+ $1 {mates} 53. gxf5 Qe2+ 54. Rg4 Qxg4#) 53. Be6 $40 {[%mdl 128] White mounts an attack.} Qf4 54. Qe7 (54. Qc7 $11 Qf8 55. Qxe5 (55. Bxg8 Kxg8 56. Qxe5 Rb4 $11)) 54... Qf8 $17 55. Qc7 {[#]} Rf4 ({Much worse is} 55... Qb8 $6 {[#]} 56. Rxg7 $1 {[%mdl 512]} Qxc7 57. Rxc7 $11) (55... Rd6 $1 $17 {Strongly threatening ...e4.} 56. Qc5 Ra6 57. Qxe5 Qe8) 56. Bxg8 Qxg8 57. Qxe5 {Threatening mate with Rxh6+.} Rf7 $2 {[%mdl 8192]} (57... Qf7 $11 58. Qe6 Qf8) 58. Rxh6+ $1 Qh7 59. Qe8+ {[%mdl 64] Double Attack. Accuracy: White = 28%, Black = 44%.} 1-0

[Event "RUS-ch Women Blitz 2019"]
[Site "Sochi"]
[Date "2019.10.17"]
[Round "8.11"]
[White "Serditykh, Olesya"]
[Black "Goltseva, Ekaterina"]
[Result "1-0"]
[WhiteElo "1990"]
[BlackElo "2317"]
[Annotator "NA RC"]
[PlyCount "49"]
[EventDate "2019.10.17"]
[EventType "swiss"]
[EventCountry "RUS"]
[SourceTitle "playchess.com"]
[Source "ChessBase"]
[SourceQuality "1"]
[TimeControl "180+2"]

1. d4 {[%emt 0:00:00]} d5 {[%emt 0:00:00]} 2. Nf3 {[%emt 0:00:01]} Nf6 {[%emt 0:00:00]} 3. c4 {[%emt 0:00:00]} dxc4 {[%emt 0:00:00]} 4. Nc3 {[%emt 0:00:02]} a6 {[%emt 0:00:23]} 5. a4 {[%emt 0:00:02]} Nc6 {[%emt 0:00:01]} 6. e4 {[%emt 0:00:02]} Bg4 {[%emt 0:00:02]} 7. d5 {[%emt 0:00:35]} Ne5 {[%emt 0:00:29]} 8. Be2 {[%emt 0:00:06]} Bxf3 {[%emt 0:00:06]} 9. gxf3 {[%emt 0:00:03]} e6 {[%emt 0:00:18]} 10. f4 {[%emt 0:01:16]} Nd3+ {[%emt 0:00:02]} 11. Bxd3 {[%emt 0:00:02]} cxd3 {[%emt 0:00:00]} 12. Qxd3 {[%emt 0:00:06]} exd5 {[%emt 0:00:03]} 13. e5 {[%emt 0:00:26]} Nd7 {[%emt 0:00:10]} 14. Qxd5 {[%emt 0:00:08]} Nc5 {[%emt 0:00:19]} 15. O-O {[%emt 0:00:21]} Qxd5 {[%emt 0:00:22]} 16. Nxd5 {[%emt 0:00:01]} O-O-O {[%emt 0:00:02]} 17. Rd1 {[%emt 0:00:04]} Nb3 {[%emt 0:00:31]} 18. Rb1 {[%emt 0:00:03]} Bc5 {[%emt 0:00:06]} 19. Be3 {[%emt 0:00:04]} c6 {[%emt 0:00:09]} 20. Nc3 {[%emt 0:00:11]} Kc7 {[%emt 0:00:23]} 21. Ne4 {[%emt 0:00:01]} Bxe3 {[%emt 0:00:07]} 22. fxe3 {[%emt 0:00:00]} Rhf8 {[%emt 0:00:06]} 23. Kf2 {[%emt 0:00:05]} f5 {[%emt 0:00:03]} 24. Ng5 {[%emt 0:00:02]} Rfe8 {[%emt 0:00:06]} 25. Rxd8 {[%emt 0:00:02]} 1-0

[Event "RUS-ch Women Blitz 2019"]
[Site "Sochi"]
[Date "2019.10.17"]
[Round "8.12"]
[White "Bykova, Anastasia"]
[Black "Markelova, Lubov"]
[Result "0-1"]
[WhiteElo "2247"]
[BlackElo "2198"]
[Annotator "TA"]
[PlyCount "64"]
[EventDate "2019.10.17"]
[EventType "swiss"]
[EventCountry "RUS"]
[SourceTitle "playchess.com"]
[Source "ChessBase"]
[SourceQuality "1"]

{[%evp 18,88,0,-14,6,9,30,13,14,15,23,20,42,38,37,29,32,0,36,28,39,0,40,34,45,21,35,-29,-30,-27,-31,-237,-247,-229,-213,-391,-248,-239,-250,-251,-249,-285,-297,-295,-281,-269,-286,-284,-283,-304,-258,-318,-306,-310,-294,-251,-123,-152,-113,-309,-274,-471,-389,-29982,-29983,-29982,-29983,-29983,-29980,-29985,-29986,-29986,-29987]} 1. d4 d5 2. c4 c6 3. Nf3 Nf6 4. e3 e6 5. Nc3 Nbd7 6. Qc2 Bd6 7. e4 ({Predecessor:} 7. Bd3 O-O 8. e4 Nxe4 9. Nxe4 dxe4 10. Bxe4 Nf6 {1-0 (38) Rezende,G (2085)-Gutierrez,E (1903) Maringa 2013}) 7... dxe4 8. Nxe4 Nxe4 9. Qxe4 Nf6 10. Qc2 O-O $146 {D45: Semi-Slav: 5 e3} (10... b6 11. Bd2 c5 12. O-O-O cxd4 13. Nxd4 a6 14. Bd3 Qc7 {½-½ (14) Sandipan,C (2585)-Dreev,A (2660) Zuerich 2009}) 11. Bd3 Bb4+ (11... c5 {is interesting.} 12. dxc5 Bxc5 13. a3 Bd6 14. Bg5 h6) 12. Bd2 Bxd2+ {The position is equal.} 13. Qxd2 b6 14. O-O c5 15. dxc5 bxc5 16. Qe3 Qc7 17. h3 a5 18. Rad1 Bb7 19. Bc2 Rfd8 20. Ne5 h6 21. Qe2 Rab8 22. Ba4 (22. b3 $14) 22... Be4 $11 23. Ng4 Nxg4 {[%mdl 64] [#] Overworked Piece} 24. Qxg4 $2 (24. hxg4 $15 Bg6 25. f4) 24... Bd3 $19 25. Rfe1 Rxb2 26. Re3 $2 (26. Bb3 {might work better.}) 26... Bc2 27. Bxc2 Rxc2 28. Rxd8+ Qxd8 {[%mdl 4096] Endgame KQR-KQR} 29. Qe4 Rxa2 30. Rd3 {[%cal Rd3d8]} Ra1+ 31. Kh2 {[%cal Rd3d8]} Qc7+ 32. g3 a4 {Played: Ra1-a2} 0-1

[Event "RUS-ch Women Blitz 2019"]
[Site "Sochi"]
[Date "2019.10.17"]
[Round "9.1"]
[White "Kovanova, Baira"]
[Black "Belenkaya, Dina"]
[Result "0-1"]
[WhiteElo "2344"]
[BlackElo "2300"]
[Annotator "NA RC"]
[PlyCount "142"]
[EventDate "2019.10.17"]
[EventType "swiss"]
[EventCountry "RUS"]
[SourceTitle "playchess.com"]
[Source "ChessBase"]
[SourceQuality "1"]
[TimeControl "180+2"]

1. Nf3 {[%emt 0:00:00]} d5 {[%emt 0:00:00]} 2. g3 {[%emt 0:00:00]} c6 {[%emt 0:00:01]} 3. Bg2 {[%emt 0:00:01]} Nf6 {[%emt 0:00:02]} 4. O-O {[%emt 0:00:03]} Bg4 {[%emt 0:00:02]} 5. d3 {[%emt 0:00:06]} e6 {[%emt 0:00:03]} 6. Nbd2 {[%emt 0:00:01]} Be7 {[%emt 0:00:20]} 7. h3 {[%emt 0:00:07]} Bh5 {[%emt 0:00:01]} 8. e4 {[%emt 0:00:17]} dxe4 {[%emt 0:00:08]} 9. dxe4 {[%emt 0:00:01]} O-O {[%emt 0:00:19]} 10. Qe2 {[%emt 0:00:15]} Nbd7 {[%emt 0:00:23]} 11. b3 {[%emt 0:00:03]} e5 {[%emt 0:00:22]} 12. Bb2 {[%emt 0:00:04]} Qc7 {[%emt 0:00:02]} 13. Rfe1 {[%emt 0:00:13]} Rfe8 {[%emt 0:00:02]} 14. Qf1 {[%emt 0:00:33]} Bc5 {[%emt 0:00:03]} 15. Nh4 {[%emt 0:00:26]} Bg6 {[%emt 0:00:12]} 16. Qe2 {[%emt 0:00:09]} a5 {[%emt 0:00:04]} 17. a4 {[%emt 0:00:03]} Rad8 {[%emt 0:00:06]} 18. Nc4 {[%emt 0:00:06]} b6 {[%emt 0:00:41]} 19. Rad1 {[%emt 0:00:21]} b5 {[%emt 0:00:08]} 20. axb5 {[%emt 0:00:05]} cxb5 {[%emt 0:00:01]} 21. Na3 {[%emt 0:00:01]} b4 {[%emt 0:00:21]} 22. Nc4 {[%emt 0:00:01]} Bh5 {[%emt 0:00:11]} 23. g4 {[%emt 0:00:07]} Bg6 {[%emt 0:00:01]} 24. Ra1 {[%emt 0:00:05]} Ra8 {[%emt 0:00:02]} 25. Nf5 {[%emt 0:00:02]} Ra7 {[%emt 0:00:08]} 26. Red1 {[%emt 0:00:05]} Nf8 {[%emt 0:00:03]} 27. Qf3 {[%emt 0:00:12]} N6d7 {[%emt 0:00:03]} 28. Ncd6 {[%emt 0:00:16]} Rd8 {[%emt 0:00:04]} 29. Nb5 {[%emt 0:00:01]} Qb6 {[%emt 0:00:01]} 30. Nxa7 {[%emt 0:00:01]} Qxa7 {[%emt 0:00:01]} 31. Bc1 {[%emt 0:00:04]} f6 {[%emt 0:00:01]} 32. Be3 {[%emt 0:00:03]} Rc8 {[%emt 0:00:02]} 33. Nd6 {[%emt 0:00:01]} Rc7 {[%emt 0:00:02]} 34. Nb5 {[%emt 0:00:01]} Qb6 {[%emt 0:00:01]} 35. Nxc7 {[%emt 0:00:02]} Qxc7 {[%emt 0:00:01]} 36. Qe2 {[%emt 0:00:01]} Bd6 {[%emt 0:00:02]} 37. Qc4+ {[%emt 0:00:01]} Bf7 {[%emt 0:00:02]} 38. Qxc7 {[%emt 0:00:01]} Bxc7 {[%emt 0:00:01]} 39. Bf1 {[%emt 0:00:01]} Nb8 {[%emt 0:00:02]} 40. Bb5 {[%emt 0:00:04]} Ne6 {[%emt 0:00:02]} 41. Bc4 {[%emt 0:00:01]} Kf8 {[%emt 0:00:01]} 42. Kf1 {[%emt 0:00:03]} Ke7 {[%emt 0:00:01]} 43. Ke2 {[%emt 0:00:01]} Nc6 {[%emt 0:00:02]} 44. Bxe6 {[%emt 0:00:02]} Bxe6 {[%emt 0:00:02]} 45. Bc5+ {[%emt 0:00:00]} Ke8 {[%emt 0:00:01]} 46. Bd6 {[%emt 0:00:02]} Bb6 {[%emt 0:00:00]} 47. Kf1 {[%emt 0:00:03]} Nd4 {[%emt 0:00:01]} 48. Rd2 {[%emt 0:00:03]} Nf3 {[%emt 0:00:02]} 49. Rd3 {[%emt 0:00:02]} Nd4 {[%emt 0:00:01]} 50. c3 {[%emt 0:00:02]} Nxb3 {[%emt 0:00:02]} 51. Rb1 {[%emt 0:00:03]} Bc4 {[%emt 0:00:01]} 52. Rxb3 {[%emt 0:00:01]} Bxb3 {[%emt 0:00:02]} 53. cxb4 {[%emt 0:00:03]} Bc4 {[%emt 0:00:01]} 54. Ke2 {[%emt 0:00:01]} axb4 {[%emt 0:00:03]} 55. Bxb4 {[%emt 0:00:04]} Bxd3+ {[%emt 0:00:01]} 56. Kxd3 {[%emt 0:00:01]} Bxf2 {[%emt 0:00:01]} 57. Kc4 {[%emt 0:00:01]} Kf7 {[%emt 0:00:02]} 58. Kd5 {[%emt 0:00:01]} Kg6 {[%emt 0:00:01]} 59. Bd2 {[%emt 0:00:00]} h5 {[%emt 0:00:02]} 60. Ke6 {[%emt 0:00:01]} hxg4 {[%emt 0:00:02]} 61. hxg4 {[%emt 0:00:01]} Bg3 {[%emt 0:00:02]} 62. Ke7 {[%emt 0:00:05]} Bf4 {[%emt 0:00:01]} 63. Be1 {[%emt 0:00:01]} Kg5 {[%emt 0:00:01]} 64. Kf7 {[%emt 0:00:01]} g6 {[%emt 0:00:02]} 65. Bb4 {[%emt 0:00:01]} Kxg4 {[%emt 0:00:04]} 66. Kxg6 {[%emt 0:00:02]} Bg5 {[%emt 0:00:02]} 67. Be1 {[%emt 0:00:19]} Kf4 {[%emt 0:00:01]} 68. Kh5 {[%emt 0:00:01]} Kxe4 {[%emt 0:00:01]} 69. Kg4 {[%emt 0:00:01]} Be3 {[%emt 0:00:01]} 70. Kg3 {[%emt 0:00:02]} f5 {[%emt 0:00:01]} 71. Kg2 {[%emt 0:00:00]} f4 {[%emt 0:00:01]} 0-1

[Event "RUS-ch Women Blitz 2019"]
[Site "Sochi"]
[Date "2019.10.17"]
[Round "9.2"]
[White "Semenova, Elena"]
[Black "Bodnaruk, Anastasia"]
[Result "0-1"]
[WhiteElo "2282"]
[BlackElo "2419"]
[Annotator "NA"]
[PlyCount "118"]
[EventDate "2019.10.17"]
[EventType "swiss"]
[EventCountry "RUS"]
[SourceTitle "playchess.com"]
[Source "ChessBase"]
[SourceQuality "1"]
[TimeControl "180+2"]

1. e4 {[%emt 0:00:00]} c5 {[%emt 0:00:00]} 2. Nf3 {[%emt 0:00:00]} d6 {[%emt 0:00:00]} 3. d4 {[%emt 0:00:01]} cxd4 {[%emt 0:00:00]} 4. Qxd4 {[%emt 0:00:01]} a6 {[%emt 0:00:02]} 5. c4 {[%emt 0:00:06]} Nc6 {[%emt 0:00:01]} 6. Qe3 {[%emt 0:00:01]} g6 {[%emt 0:00:05]} 7. Be2 {[%emt 0:00:01]} Bg7 {[%emt 0:00:03]} 8. Nc3 {[%emt 0:00:03]} Nf6 {[%emt 0:00:09]} 9. h3 {[%emt 0:00:02]} O-O {[%emt 0:00:01]} 10. O-O {[%emt 0:00:01]} Nd7 {[%emt 0:00:04]} 11. Rd1 {[%emt 0:00:07]} Nc5 {[%emt 0:00:06]} 12. Rb1 {[%emt 0:00:06]} f5 {[%emt 0:00:02]} 13. b4 {[%emt 0:00:43]} f4 {[%emt 0:00:02]} 14. Qd2 {[%emt 0:00:05]} Ne6 {[%emt 0:00:01]} 15. Nd5 {[%emt 0:00:11]} Ned4 {[%emt 0:00:08]} 16. Bb2 {[%emt 0:00:12]} Nxf3+ {[%emt 0:00:10]} 17. Bxf3 {[%emt 0:00:01]} Bxb2 {[%emt 0:00:02]} 18. Rxb2 {[%emt 0:00:09]} Ne5 {[%emt 0:00:01]} 19. Qe2 {[%emt 0:00:10]} e6 {[%emt 0:00:03]} 20. Nc3 {[%emt 0:00:05]} Qc7 {[%emt 0:00:01]} 21. Rc2 {[%emt 0:00:24]} Bd7 {[%emt 0:00:14]} 22. Qd2 {[%emt 0:00:27]} Nxc4 {[%emt 0:00:26]} 23. Qd4 {[%emt 0:00:01]} Rac8 {[%emt 0:00:38]} 24. Bg4 {[%emt 0:00:20]} b5 {[%emt 0:00:22]} 25. Be2 {[%emt 0:00:09]} f3 {[%emt 0:00:36]} 26. Bxf3 {[%emt 0:00:03]} Rfd8 {[%emt 0:00:16]} 27. Bg4 {[%emt 0:00:03]} Ne5 {[%emt 0:00:04]} 28. Rdc1 {[%emt 0:00:08]} Qb8 {[%emt 0:00:10]} 29. Ne2 {[%emt 0:00:05]} Rc4 {[%emt 0:00:02]} 30. Rxc4 {[%emt 0:00:01]} bxc4 {[%emt 0:00:02]} 31. a3 {[%emt 0:00:03]} h5 {[%emt 0:00:02]} 32. Bf3 {[%emt 0:00:02]} Nxf3+ 33. gxf3 {[%emt 0:00:00]} e5 {[%emt 0:00:07]} 34. Qd5+ {[%emt 0:00:02]} Kg7 {[%emt 0:00:01]} 35. Rxc4 {[%emt 0:00:05]} Bxh3 {[%emt 0:00:04]} 36. Rc6 {[%emt 0:00:03]} Qb7 {[%emt 0:00:03]} 37. Qc4 {[%emt 0:00:03]} Qe7 {[%emt 0:00:01]} 38. Rc7 {[%emt 0:00:02]} Rd7 {[%emt 0:00:01]} 39. Rxd7 {[%emt 0:00:03]} Bxd7 {[%emt 0:00:01]} 40. Kf1 {[%emt 0:00:03]} Bb5 {[%emt 0:00:03]} 41. Qc3 {[%emt 0:00:02]} Qf6 {[%emt 0:00:02]} 42. Ke1 {[%emt 0:00:01]} h4 {[%emt 0:00:01]} 43. Qc7+ {[%emt 0:00:02]} Kh6 {[%emt 0:00:01]} 44. Ng1 {[%emt 0:00:04]} Qg5 {[%emt 0:00:03]} 45. Nh3 {[%emt 0:00:02]} Qg2 {[%emt 0:00:02]} 46. Qc8 {[%emt 0:00:03]} Qf1+ {[%emt 0:00:02]} 47. Kd2 {[%emt 0:00:01]} Qe2+ {[%emt 0:00:04]} 48. Kc1 {[%emt 0:00:05]} Qe1+ {[%emt 0:00:02]} 49. Kc2 {[%emt 0:00:03]} Qe2+ {[%emt 0:00:01]} 50. Kc1 {[%emt 0:00:00]} Qe1+ {[%emt 0:00:02]} 51. Kc2 {[%emt 0:00:01]} Ba4+ {[%emt 0:00:02]} 52. Kd3 {[%emt 0:00:05]} Qd1+ {[%emt 0:00:03]} 53. Ke3 {[%emt 0:00:01]} Qe1+ {[%emt 0:00:01]} 54. Kd3 {[%emt 0:00:00]} Qd1+ {[%emt 0:00:02]} 55. Ke3 {[%emt 0:00:01]} Qd4+ {[%emt 0:00:03]} 56. Ke2 {[%emt 0:00:01]} Bb5+ {[%emt 0:00:01]} 57. Ke1 {[%emt 0:00:01]} Qa1+ {[%emt 0:00:02]} 58. Kd2 {[%emt 0:00:02]} Qb2+ {[%emt 0:00:01]} 59. Ke3 {[%emt 0:00:05]} Qe2# {[%emt 0:00:01] Kd4} 0-1

[Event "RUS-ch Women Blitz 2019"]
[Site "Sochi"]
[Date "2019.10.17"]
[Round "9.3"]
[White "Maltsevskaya, Aleksandra"]
[Black "Voit, Daria"]
[Result "1-0"]
[WhiteElo "2333"]
[BlackElo "2336"]
[Annotator "NA"]
[PlyCount "107"]
[EventDate "2019.10.17"]
[EventType "swiss"]
[EventCountry "RUS"]
[SourceTitle "playchess.com"]
[Source "ChessBase"]
[SourceQuality "1"]
[TimeControl "180+2"]

1. e4 {[%emt 0:00:00]} c5 {[%emt 0:00:00]} 2. Nf3 {[%emt 0:00:03]} d6 {[%emt 0:00:00]} 3. d4 {[%emt 0:00:01]} cxd4 {[%emt 0:00:00]} 4. Nxd4 {[%emt 0:00:02]} Nf6 {[%emt 0:00:01]} 5. Nc3 {[%emt 0:00:01]} g6 {[%emt 0:00:02]} 6. Be3 {[%emt 0:00:07]} Bg7 {[%emt 0:00:01]} 7. Bc4 {[%emt 0:00:01]} Nc6 {[%emt 0:00:01]} 8. f3 {[%emt 0:00:02]} O-O {[%emt 0:00:02]} 9. Bb3 {[%emt 0:00:01]} Bd7 {[%emt 0:00:05]} 10. Qd2 {[%emt 0:00:01]} Na5 {[%emt 0:00:15]} 11. O-O-O {[%emt 0:00:04]} Rb8 {[%emt 0:00:02]} 12. h4 {[%emt 0:00:07]} b5 {[%emt 0:00:02]} 13. Qe2 {[%emt 0:00:18]} a6 {[%emt 0:00:53]} 14. g4 {[%emt 0:00:03]} e5 {[%emt 0:00:03]} 15. Nf5 {[%emt 0:00:02]} Nxb3+ {[%emt 0:00:28]} 16. axb3 {[%emt 0:00:02]} gxf5 {[%emt 0:00:01]} 17. gxf5 {[%emt 0:00:23]} b4 {[%emt 0:00:02]} 18. Nd5 {[%emt 0:00:16]} Nxd5 {[%emt 0:00:02]} 19. Rxd5 {[%emt 0:00:01]} Bb5 {[%emt 0:00:36]} 20. Qg2 {[%emt 0:00:03]} f6 {[%emt 0:00:02]} 21. h5 {[%emt 0:00:09]} Kf7 {[%emt 0:00:24]} 22. h6 {[%emt 0:00:28]} Bh8 {[%emt 0:00:01]} 23. Rhd1 {[%emt 0:00:01]} Qa5 {[%emt 0:00:04]} 24. Kb1 {[%emt 0:00:06]} Rfd8 {[%emt 0:00:01]} 25. Qh3 {[%emt 0:00:10]} Qc7 {[%emt 0:00:09]} 26. f4 {[%emt 0:00:13]} Rbc8 {[%emt 0:00:05]} 27. fxe5 {[%emt 0:00:21]} dxe5 {[%emt 0:00:21]} 28. Qh5+ {[%emt 0:00:22]} Ke7 {[%emt 0:00:00]} 29. Bc5+ {[%emt 0:00:01]} Qxc5 {[%emt 0:00:02]} 30. Rxc5 {[%emt 0:00:00]} Rxd1+ {[%emt 0:00:02]} 31. Qxd1 {[%emt 0:00:02]} Rxc5 {[%emt 0:00:01]} 32. Qg1 {[%emt 0:00:02]} Rc8 {[%emt 0:00:04]} 33. Qa7+ {[%emt 0:00:01]} Kd6 {[%emt 0:00:03]} 34. Qxh7 {[%emt 0:00:09]} Bc6 {[%emt 0:00:01]} 35. Qf7 {[%emt 0:00:02]} Bxe4 {[%emt 0:00:03]} 36. Qe6+ {[%emt 0:00:01]} Kc7 {[%emt 0:00:01]} 37. Qe7+ {[%emt 0:00:05]} Kb8 {[%emt 0:00:02]} 38. Qxb4+ {[%emt 0:00:02]} Bb7 {[%emt 0:00:01]} 39. Qd6+ {[%emt 0:00:01]} Ka7 {[%emt 0:00:02]} 40. Qe6 {[%emt 0:00:05]} Rd8 {[%emt 0:00:04]} 41. c4 {[%emt 0:00:02]} Ka8 {[%emt 0:00:07]} 42. b4 {[%emt 0:00:01]} Rc8 {[%emt 0:00:04]} 43. b3 {[%emt 0:00:02]} Rc6 {[%emt 0:00:01]} 44. Qe8+ {[%emt 0:00:02]} Rc8 {[%emt 0:00:00]} 45. Qe6 {[%emt 0:00:01]} Rc6 {[%emt 0:00:01]} 46. Qe7 {[%emt 0:00:01]} Rc8 {[%emt 0:00:01]} 47. Kb2 {[%emt 0:00:06]} Rb8 {[%emt 0:00:02]} 48. b5 {[%emt 0:00:03]} Rc8 {[%emt 0:00:02]} 49. h7 {[%emt 0:00:14]} axb5 {[%emt 0:00:02]} 50. cxb5 {[%emt 0:00:01]} Kb8 {[%emt 0:00:05]} 51. b6 {[%emt 0:00:01]} Rc6 {[%emt 0:00:03]} 52. Qd8+ {[%emt 0:00:02]} Rc8 {[%emt 0:00:01]} 53. Qd6+ {[%emt 0:00:01]} Ka8 {[%emt 0:00:01]} 54. Qa3+ {[%emt 0:00:01]} 1-0